| 000 | 00986nam a22002537a 4500 | ||
|---|---|---|---|
| 003 | OSt | ||
| 005 | 20210608123612.0 | ||
| 008 | 210318b 2017 dr 00| 0 spa d | ||
| 020 | _a9789945902419 | ||
| 040 |
_aDO-SdBNP _bspa _cBNPHU |
||
| 082 | 4 |
_222 _aRD861.44 _bH557d |
|
| 100 | 1 |
_aHernández, Máxima, _938684 _d1962- |
|
| 245 | 1 | 0 |
_aDel sur de mis olas, al norte de mis sueños / _cMáxima Altagracia Hernández Zorrilla ; prólogo: Juan Freddy Armando, Ramón Saba y Orlando Cordero. |
| 260 |
_aSanto Domingo : _bPoetas de la Era, _c2017. |
||
| 300 |
_a67 p. ; _c23 cm. |
||
| 500 | _aIncluye datos biográficos de la autora en las solapas | ||
| 590 | _aInventariado, 2021 /LP | ||
| 590 | _aLa biblioteca posee 3 ejemplares autografiado por la autora | ||
| 700 | 1 |
_aArmando, Juan Freddy, _d1951- _eprólogo _922233 |
|
| 700 | 1 |
_aSaba, Ramón, _eprólogo _971165 |
|
| 700 | 1 |
_aCordero, Orlando, _eprólogo _9593 |
|
| 910 | _aValidado. Control de calidad MFF | ||
| 942 |
_2ddc _cLBS1 |
||
| 999 |
_c49617 _d49617 |
||